Nourriture par images #3 - Statistiques

Statistiques générales
  • Ce quiz a été pris 3 069 fois
  • Le résultat moyen est 13 sur 15
Statistiques - réponses
Par images Réponse % Correct
Crème glacée
100%
Frite
98%
Bonbon
97%
Chocolat
97%
Hamburger
92%
Pop corn
89%
Pancake
88%
Cupcake
86%
Donut
83%
Bretzel
79%
Croissant
79%
Miel
75%
Macaron
68%
Biscuit
66%
Gâteau
59%
Aucun quiz correspondant
Distribution des résultats
% des personnes avec chaque résultat
Percentile par nombre de réponses
Votre historique - résultats
Vous n’avez pas pris ce quiz